000 00244 a2200097 4500
001 43818
100 _aBerger
245 _aBureaucracy and society in modern Egypt
260 _aNew Jersey
_bPrinceton university press
_c
090 _c27577
_d27577
942 _aNUST-CAE
_cM
_c19532
999 _c278891
_d278891